书目信息 |
| 题名: |
怎样打民事官司
|
|
| 作者: | 宋朝武 主编 | |
| 分册: | ||
| 出版信息: | 北京 经济日报出版社 1991.6 |
|
| 页数: | 377页 | |
| 开本: | 19cm | |
| 丛书名: | ||
| 单 册: | ||
| 中图分类: | D925.104 , D923.05 | |
| 科图分类: | ||
| 主题词: | 民事诉讼-诉讼法--基本知识--中国 , 诉讼法-民事诉讼--基本知识--中国 | |
| 电子资源: | ||
| ISBN: | 7-80036-409-7 | |
| 000 | 00794nam0 2200241 45 | |
| 001 | 0192013967 | |
| 005 | 20061104141233.67 | |
| 010 | @a7-80036-409-7@dCNY7.00 | |
| 100 | @a19920513d1991 em y0chiy0121 ea | |
| 101 | 0 | @achi |
| 102 | @aCN@b110000 | |
| 105 | @ay z 000yy | |
| 200 | 10 | @a怎样打民事官司@AZEN YANG DA MIN SHI GUAN SI@e新民事诉讼法200题@EXIN MIN SHI SU SONG FA 200 TI@f宋朝武主编@FSONG CHAO WU ZHU BIAN |
| 210 | @a北京@c经济日报出版社@d1991.6 | |
| 215 | @a377页@d19cm | |
| 540 | 1 | @a民事 官司 诉讼@AMIN SHI GUAN SI SU SONG |
| 606 | @a民事诉讼-诉讼法@x基本知识@y中国 | |
| 606 | @a诉讼法-民事诉讼@x基本知识@y中国 | |
| 690 | @aD925.104@v三版 | |
| 690 | @aD923.05@v3 | |
| 701 | 0 | @a宋朝武@ASONG CHAO WU@4主编 |
| 801 | 0 | @aCN@bTSSF@c20061104 |
| 905 | @a10447@dD923.05@e240 | |
| 怎样打民事官司:新民事诉讼法200题/宋朝武主编.-北京:经济日报出版社,1991.6 |
| 377页;19cm |
| ISBN 7-80036-409-7:CNY7.00 |
| ● |
| 相关链接 |
|
|
|
|
正题名:怎样打民事官司
索取号:D923.05/240
 
预约/预借
| 序号 | 登录号 | 条形码 | 馆藏地/架位号 | 状态 | 备注 |
| 1 | 0270116 | 002054573 | 第一样本阅览室/ [索取号:D923.05/240] | 在馆 |